| 000 | 00734cam a22002174a 4500 | ||
|---|---|---|---|
| 005 | 20250605164249.0 | ||
| 008 | 250528s ||||||||||||||||||||||||d | ||
| 035 | _a21645 | ||
| 020 | _a9789604573738 | ||
| 040 |
_aGR-AtMCL _bgre _dGR-AtMCL _eAACR2 |
||
| 245 | 1 | _aΗΓΕΣΙΑ ΚΑΙ ΑΛΛΑΓΗ | |
| 250 | _a1 | ||
| 260 |
_bΜαλλιάρης-Παιδεία, _c2009 |
||
| 300 | _a127 | ||
| 505 | 0 | _aΗΓΕΣΙΑ ΑΛΛΑΓΗ ΣΕ ΕΠΑΓΓΕΛΜΑΤΙΚΟ ΚΑΙ ΠΡΟΣΩΠΙΚΟ ΕΠΙΠΕΔΟ | |
| 520 | _aΗΓΕΣΙΑ ΑΛΛΑΓΗ ΣΕ ΕΠΑΓΓΕΛΜΑΤΙΚΟ ΚΑΙ ΠΡΟΣΩΠΙΚΟ ΕΠΙΠΕΔΟ | ||
| 700 | 1 |
_aΜπαρουτας Σταυρος _97530 |
|
| 942 | _cBK | ||
| 999 |
_c6706 _d6706 |
||